QCM - Naissance de célébrités - Statistiques

Statistiques générales
  • Ce quiz a été pris 215 fois
    211 depuis la dernière actualisation
  • Le résultat moyen est 3 sur 15
Statistiques - réponses
Question Réponse % Correct
Donald Trump 1946
38%
Greta Thunberg 2003
38%
Mère Teresa 1910
31%
Maurice Richard (joueur de hockey canadien) 1921
31%
Madonna 1958
31%
Charles De Gaule 1890
23%
Frida Kahlo 1907
23%
Usain Bolt 1986
23%
Malala Yousafzai 1997
23%
Marie Curie 1867
15%
Albert Einstein 1879
15%
Coco Chanel 1883
15%
Neil Armstrong 1930
15%
Céline Dion 1968
8%
Justin Trudeau (premier ministre du Canada en 2020) 1971
0%
Aucun quiz correspondant
Distribution des résultats
% des personnes avec chaque résultat
Percentile par nombre de réponses
Votre historique - résultats
Vous n’avez pas pris ce quiz depuis la dernière actualisation